[Event "Santiago de Cuba Province-ch tt"]
[Site "Santiago de Cuba"]
[Date "2018.10.13"]
[Round "7.1"]
[White "Lopez Castillo, Pavel Daniel"]
[Black "Alcolea Gonzalez, Raul"]
[Result "1/2-1/2"]
[WhiteElo "1767"]
[BlackElo "1782"]
[PlyCount "32"]
[EventDate "2018.10.09"]
[EventType "team-tourn"]
[EventRounds "10"]
[EventCountry "CUB"]
[SourceTitle "EXT 2021"]
[Source "ChessBase"]
[SourceDate "2020.10.23"]
[SourceVersion "1"]
[SourceVersionDate "2020.10.23"]
[SourceQuality "1"]

1. c4 c5 2. Nc3 Nf6 3. g3 e6 4. e4 d6 5. Bg2 Be7 6. Nge2 0-0 7. 0-0 a6 8. d4 Nc6 9. d5 exd5 10. cxd5 Ne5 11. f4 Ng6 12. h3 Rb8 13. Be3 b5 14. a4 Re8 15. axb5 axb5 16. Qc2 Bd7 1/2-1/2

[Event "Villa Santiago op"]
[Site "Santiago de Cuba"]
[Date "2018.08.12"]
[Round "5"]
[White "Lopez Castillo, Pavel Daniel"]
[Black "Alcolea Gonzalez, Raul"]
[Result "0-1"]
[WhiteElo "1799"]
[BlackElo "1783"]
[PlyCount "74"]
[EventDate "2018.08.08"]
[EventType "swiss"]
[EventRounds "7"]
[EventCountry "CUB"]
[SourceTitle "EXT 2021"]
[Source "ChessBase"]
[SourceDate "2020.10.23"]
[SourceVersion "1"]
[SourceVersionDate "2020.10.23"]
[SourceQuality "1"]

1. c4 Nf6 2. Nc3 g6 3. g3 Bg7 4. Bg2 0-0 5. e3 e6 6. Nge2 d5 7. cxd5 exd5 8. d4 Bg4 9. h3 Bf5 10. 0-0 Re8 11. Qb3 Qd7 12. Qxb7 Nc6 13. g4 Rab8 14. Qa6 Rb6 15. Qa4 Be4 16. Nxe4 Nxe4 17. Nc3 h5 18. Nxe4 dxe4 19. Qd1 Nb4 20. gxh5 gxh5 21. a3 Rg6 22. Qxh5 Nd3 23. b4 Rh6 24. Qg4 f5 25. Qg3 Ree6 26. Kh1 Reg6 27. Qh2 Bf8 28. f4 exf3 29. Rxf3 Ne1 30. e4 Nxf3 31. Bxf3 Qxd4 32. Bb2 Qe3 33. Rf1 fxe4 34. Bc1 Qd3 35. Qa2+ Kh7 36. Qf7+ Bg7 37. Kh2 Qc2+ 0-1